00734nam a2200145 a 4500008004100000050001200041110005500053245014800108260006900256350000900325650001600334995010000350999001700450952012100467091012s1997 ||||||||||||||||| || u aUNO(01) aUnited Nations Economic and Social Affairs (UNESA)10aEarth summit +5 : special session of the United Nations General Assembly to review and appraise the implication of agenda 21cby United Nations aNew York:bUnited Nations department of Public informationc1997 a0.00 aENVIRONMENT D0.00FCBU-MAIN LIBRARY (Kitwe)H1I0.00M1UAVAILABLEWOct 12, 2009ZInternational Publications c40628d40628 00102lcc4070a001b001cInternational Publicationsd2022-11-30l0oUNO(01)p03004652r2022-11-30w2022-11-30y002